000 00583nam a2200193Ia 4500
003 GCL
008 140319s9999 xx 000 0 eng d
040 _aGCL /
_cGCL
082 0 4 _a658.4036
_bV G
100 1 _aVENNIX, JAC A.M
245 1 0 _aGROUP MODEL BUILDING: FACILITATING TEAM LEARNING USING SYSTEM DYNAMICS /
_cVENNIX, JAC A.M
260 _a[S.N] :
_bJOHN WILEY AND SONS. INC ،
_c1996
300 _a297 P
650 0 4 _aMATHEMATICAL MODELS
650 0 4 _aMANAGEMENT
650 0 4 _aDECISION - MAKING GROUP
650 0 4 _aMANAGEMENT - EMPLOYEE PARTICIPATION
942 _2ddc
_cBK
999 _c13884
_d13884